[Event "POL-ch U12"]
[Site "Suwalki"]
[Date "2015.04.12"]
[Round "7.4"]
[White "Golenia, Wojciech"]
[Black "Stankiewicz, Kamil"]
[Result "1-0"]
[WhiteElo "1796"]
[BlackElo "1362"]
[PlyCount "41"]
[EventDate "2015.04.08"]
[EventType "swiss"]
[EventRounds "9"]
[EventCountry "POL"]
[SourceTitle "EXT 2023"]
[Source "ChessBase"]
[SourceDate "2022.10.05"]
[SourceVersion "1"]
[SourceVersionDate "2022.10.05"]
[SourceQuality "1"]

1. e4 c5 2. f4 e6 3. Nf3 a6 4. a4 d5 5. exd5 exd5 6. Nc3 Nc6 7. Be2 Nf6 8. d4 Bf5 9. Be3 Qb6 10. Rb1 Qa5 11. 0-0 Ne4 12. Bd3 Nxc3 13. bxc3 Bxd3 14. Qxd3 c4 15. Qf5 Be7 16. Rxb7 0-0 17. Bd2 Rab8 18. Rd7 Rfd8 19. Ng5 Rxd7 20. Qxh7+ Kf8 21. Qh8# 1-0